| 000 | 00412nam a2200181Ia 4500 | ||
|---|---|---|---|
| 001 | 7878 | ||
| 005 | 20260306160528.0 | ||
| 008 | 260306t2012||||xx |||||||||||||| ||spa|| | ||
| 041 | _aESP | ||
| 082 |
_a363.58984 _bA66 |
||
| 100 |
_aAravena Mori, Alejandro _eAUT |
||
| 245 | 0 | _aElemental | |
| 260 | _c2012 | ||
| 300 |
_a1509 páginas : _c24 cm. |
||
| 650 | _aGEN | ||
| 654 | _aCAN | ||
| 942 |
_cLIB _dJUS _fJUS _2ddc _n |
||
| 999 |
_c7878 _d7878 |
||